| 000 | 00793nam a2200313Ia 4500 | ||
|---|---|---|---|
| 001 | Z_2514 | ||
| 003 | CHAP | ||
| 008 | 220113s1968 xx 000 0 und d | ||
| 010 | _a165571 | ||
| 040 | _cCHAP | ||
| 082 | _a574.1916 M6 | ||
| 100 |
_aMorowitz, Harold J. _978878 |
||
| 245 |
_aEnergy flow in biology : biological organization as a problem in thermal physics / _cpor Harold J. Morowitz |
||
| 260 |
_aNew York : _bAcademic Press, _c1968 |
||
| 300 | _a179 p. | ||
| 440 | _a | ||
| 500 | _a | ||
| 503 | _a | ||
| 650 |
_aBioenergía _912731 |
||
| 650 |
_aBiofísica _912735 |
||
| 650 |
_aEnergía metabólica _936906 |
||
| 650 |
_aTermodinámica I. t. _9139497 |
||
| 901 | _a574.1916 M6 | ||
| 902 | _aA | ||
| 910 | _a1968 | ||
| 942 | _c1 | ||
| 942 | _cc1 | ||
| 999 |
_c165571 _d165571 |
||